Регионална библиотека "Любен Каравелов" - Русе

Читанка (Запис номер 482986)

MARC детайли
000 -Лидер
Контролно поле с фиксирана дължина 01666nam a2200349 c 4500
003 - Код на организацията, давaща контролен номер
Контролно поле BLK
005 - Дата и час на последна редакция
Контролно поле 20221130163349.0
008 - Елементи от данни с фиксирана дължина
fixed length control field 180411b bul|||||r ||||||| ||bul||
040 ## - Източник на каталожния запис
Идентификатор на билиотеката - собственик на записа BLK
041 ## - Код за език
Код за езика на текст/звукозапис или на отделно заглавие Български
Код за езика КДБФ Български
080 ## - УДК
Текстов определител УДК Възпитание на деца с увредени сетива и нервна система (слепи, глухонеми, епилептици). Логопедия
УДК код - определител по УДК 376.3
УДК определител (075.2)
УДК - код + определител 376.3(075.2)
100 ## - Редна дума - Автор
Автор Станчев, Лъчезар Дончев
Авторска отговорност първи автор
R(LIN) 365631
139 ## - Редно поле
Редна дума Станчев, Лъчезар Дончев и др.
Авторски знак Станч - С 70
245 10 - Сведения за заглавието
Заглавие Читанка
Подзаглавни данни За II кл. на у-щата за глухи деца
Редно поле (дума) Лъчезар Станчев, Панка Цв. Кожухарова, Татяна Иванова Манчорова.
257 ## - Страна на издаване
Страна на създаване/издаване България
260 ## - Област на издателските данни
Име на издателя, разпространителя и проч. Нар. просв.
Година на издаване 1979
9 (RLIN) 216179
Място на издаване, разпространение и проч. София
300 ## - Физическа характеристика
Страници 96 с.
Илюстрации и др. с ил.
Размери/Мащаб 25 см
380 ## - Жанр
Жанр Обществени науки
500 ## - Общи забележки
Забележка На кор. авт. Панка Цветкова-Кожухарова означена Панка Цветкова.
650 #4 - Допълнително описание по предмет – тема
Основно описание – тема или топоним Читанка - учебници за помощни училища
9 (RLIN) 248748
653 ## - Ключова дума – ненормативна
Ключова дума читанки
653 ## - Ключова дума – ненормативна
Ключова дума помощни училища
700 1# - Други автори (авторска отговорност)
Лично име Цветкова-Кожухарова, Панка
Автороска отговорност (Описва отношението между автора и произведението) съавт.
9 (RLIN) 345760
700 1# - Други автори (авторска отговорност)
Лично име Манчорова, Татяна Иванова
Автороска отговорност (Описва отношението между автора и произведението) съавт.
9 (RLIN) 92481
852 ## - Местоположение
Форматна сигнатура Цб 101415
856 4# - Електронен адрес и достъп
Електронен формат pdf - файл
Инструкция (цена за достъп) 0.00
Права за достъп disable
856 4# - Електронен адрес и достъп
Електронен формат pdf - файл
Инструкция (цена за достъп) 0.00
Права за достъп disable
999 ## - СИСТЕМНИ КОНТРОЛНИ НОМЕРА
Koha biblionumber 482986
Koha biblioitemnumber 482986
942 ## - АРТИКУЛИ
Вид на библиотечния материал Книги
Скрит в OPAC Не
Периодичен библиозапис Да
944 ## - СЪЗДАВАНЕ И РЕДАКЦИЯ на ЗАПИСА
Създаване/Редакция Създаване
Дата на регистрацията/редакция 2022-11-30
Служител, извършил регистрацията/редакцията нр
Наличности
Код за отписване Код за изгубен артикул Източник на класификационната схема Код за повреда Коз за рестрикции Код за отдаване Артикулен № Име на библиотеката - собственик Име на библиотеката, в която се намира в момента Статус (Текущо местоположение) Дата на вписване в системата Местоположение - отдел Цена в лева Инвентарен номер Систематично азбучна сигнатура Баркод Цена в евро Служебен тип на артикула
  Не е изгубен Universal Decimal Classification Не е повреден само за читалня ползва се в читалня 915353 Регионална библиотека "Любен Каравелов" Русе Регионална библиотека "Любен Каравелов" Русе Хранилище 2022-12-05 Хранилище 0.50 294379 Цб 101415 120000294379 0.26 Книги
Vip Innovations Ltd, Rousse, Bulgaria 2025